Picture Match: *The Far Side* (Part II) Quiz Stats

 Plays Quiz not verified by Sporcle

Challenge
Share
Tweet
Score 0/25 Timer 08:00
0 Plays Today
Caption Picture # % Correct
'You call that mowin' the lawn? … Bad dog! … No biscuit! … Bad Dog!'???
93.7%
'Okay, one more time and it's off to bed for the both of you. … 'Hey, Bob. Think there are any bears in this old cave?' … 'I dunno, Jim. Let's take a look.''???
93.1%
Returning from vacation, Roy and Barbara find their house, their neighborhood, their friends-- In fact, all of Atlantis --just plain gone.???
92.8%
The woods were dark and foreboding, and Alice sensed that sinister eyes were watching her every step. Worst of all, she knew that Nature abhorred a vacuum.???
92.3%
'And that's the hand that fed me.'???
92.2%
'For crying out loud, gentlemen! That's us! Someone installed the one-way mirror backward!'???
91.7%
'Oh, wait, Doreen--don't sit there. … That chair's just not safe.'???
91.6%
'I'm sorry, ma'm, but his license does check out and, after all, your husband *was* in season. Remember, just because he knocks doesn't mean you have to let him in.'???
90.9%
'Bummer of a birthmark, Hal.'???
90.4%
'Monica, I can't live this charade any longer! I'm no telephone repairman who stumbled into your life-I'm a Komodo dragon, largest member of the lizard family and a filthy liar.'???
90.3%
An instant later, both Professor Waxman and his time machine are obliterated, leaving the cold-blooded/warm-blooded dinosaur debate still unresolved.???
90.2%
'For crying out loud, I was *hibernating*! … Don't you guys ever take a pulse?'???
89.6%
Freudian Slide???
88.3%
Caption Picture # % Correct
'Listen out there! We're George and Harriet Miller! We just dropped in on the pigs for coffee! We're coming out! … We don't want trouble!'???
86.9%
'Shoot! You not only got the wrong planet, you got the wrong SOLAR system. … I mean, a wrong planet I can understand-- but a whole solar system?'???
85.5%
'An excellent specimen … the symbol of beauty, innocence, and fragile life … Hand me the jar of ether.'???
85%
'Hey, you stupid bovines! You'll never get that contraption off the ground! … Think it'll run on hay? … Say, maybe you'll make it to the mooooooooon!'???
84.8%
'Well, here's your problem, Marge--if you and Bob really want kids, next time try sittin' on these little guys.'???
83.1%
'Well I guess that explains the abdominal pains.'???
83%
It was an innocent mistake, but nevertheless, a moment later Maurice found himself receiving the full brunt of the mummy's wrath.???
78.5%
'Hey! That's milk! And you said you were all empty, you stinkin' liar!'???
74.9%
'Look, if it was electric, could I do THIS?'???
70.9%
'You sure you're supposed to be doin' that, Bruce?'???
70.1%
'I like it … I like it.'???
65.4%
'We should write that spot down.'???
62.9%

You're not logged in!

Compare scores with friends on all Sporcle quizzes.
Join for Free
OR
Log In

You Might Also Like...

Show Comments

Extras

Top Quizzes Today


Score Distribution

Your Account Isn't Verified!

In order to create a playlist on Sporcle, you need to verify the email address you used during registration. Go to your Sporcle Settings to finish the process.

Report this User

Report this user for behavior that violates our Community Guidelines.

Details: